ბათუმის შოთა რუსთაველის სახელმწიფო უნივერსიტეტის ბიბლიოთეკა

Nursing care of infants and children / (ბიბ.ჩანაწერი № 61844)

000 -LEADER
fixed length control field 00661nam a22002057a 4500
005 - DATE AND TIME OF LATEST TRANSACTION
control field 20240527105357.0
007 - PHYSICAL DESCRIPTION FIXED FIELD--GENERAL INFORMATION
fixed length control field
008 - FIXED-LENGTH DATA ELEMENTS--GENERAL INFORMATION
fixed length control field 240527s1987 enk||||| |||| 00| 0 eng d
020 ## - INTERNATIONAL STANDARD BOOK NUMBER
International Standard Book Number ‎9780801654077x
041 ## - LANGUAGE CODE
Language code of text/sound track or separate title eng
080 ## - UNIVERSAL DECIMAL CLASSIFICATION NUMBER
Universal Decimal Classification number 616-053.2 W-62
100 ## - MAIN ENTRY--PERSONAL NAME
Personal name Whaley, Lucille F
9 (RLIN) 22182
245 ## - TITLE STATEMENT
Title Nursing care of infants and children /
Statement of responsibility, etc. Lucille F Whaley.
250 ## - EDITION STATEMENT
Edition statement Third edition
264 ## - PRODUCTION, PUBLICATION, DISTRIBUTION, MANUFACTURE, AND COPYRIGHT NOTICE
Place of production, publication, distribution, manufacture St. Louis :
Name of producer, publisher, distributor, manufacturer Mosby,
Date of production, publication, distribution, manufacture, or copyright notice 1987.
300 ## - PHYSICAL DESCRIPTION
Extent 1868 p. :
Other physical details ill.;
Dimensions 28 cm.
653 ## - INDEX TERM--UNCONTROLLED
keyword ჩვილებისა და ბავშვების საექთნო მოვლა
653 ## - INDEX TERM--UNCONTROLLED
keyword მედიცინა
942 ## - ADDED ENTRY ELEMENTS (KOHA)
Source of classification or shelving scheme
Koha item type წიგნი
ეგზემპლარები
Withdrawn status Lost status Source of classification or shelving scheme Damaged status Not for loan Permanent Location Current Location Shelving location Date acquired Cost, normal purchase price Full call number Barcode Date last seen Copy number Price effective from Koha item type Public note
          ბათუმის შოთა რუსთაველის სახელმწიფო უნივერსიტეტის მთავარი ბიბლიოთეკა ბათუმის შოთა რუსთაველის სახელმწიფო უნივერსიტეტის მთავარი ბიბლიოთეკა წიგნსაცავი 2024-05-27 100.00 616-053.2 W-62 67998 2024-05-27 67998 2024-05-27 წიგნი 100 ლ.